| 000 | 00482nam a22001817a 4500 | ||
|---|---|---|---|
| 005 | 20230109142326.0 | ||
| 008 | 230109b |||||||| |||| 00| 0 eng d | ||
| 020 | _a978-81-8473-725-7 | ||
| 041 | _aeng | ||
| 082 | _a615.1 18 CAR | ||
| 100 |
_aCRAIGE,CHARLES R. AND STITZEL, ROBERT E. _97452 |
||
| 245 | _aMODERN PHARMACOLOGY WITH CLINICAL APPLICATIONS | ||
| 250 | _a6th Ed. | ||
| 260 | _bWOLTERS KLUWER | ||
| 300 | _a824.P | ||
| 650 |
_aPHARMACY _xB.PHARMA _97083 |
||
| 942 | _cBK | ||
| 999 |
_c8192 _d8190 |
||